000 00975nam a2200217Ia 4500
999 _c41495
_d41495
001 8162
003 GE_BSU
005 20240329161120.0
008 181216s2013||||ge |||||||||||||| ||geo||
020 _a9789941221354
040 _cGE_BSU
041 _ageo
080 _a796(075.8) ქ–40
100 _aქემხაძე, ა.
_911529
245 _aფიზიკური კულტურა უმაღლეს სასწავლებლებში /
_cა. ქემხაძე ; რედ. გურამ ჩაგანავა.
264 _aთბილისი :
_bბათუმის შოთა რუსთაველის სახ.უნ–ტი,
_c2013.
300 _a103 გვ. ;
_c21 სმ.
653 _aფიზიკური კულტურა უმაღლეს სასწავლებლებში
700 _aჩაგანავა, გურამ
_eრედაქტორი
_921638
942 _cBK
_2udc